| 000 | 00740nam a2200217 a 4500 | ||
|---|---|---|---|
| 001 | 66597 | ||
| 003 | BD-RjUL | ||
| 005 | 20211209081547.0 | ||
| 008 | 170318s1968 bg a|||| |||| 00| 0 ben d | ||
| 035 | _a(BD-RjUL)66727 | ||
| 040 |
_aBD-RjUL _bben _cBD-RjUL |
||
| 041 | _aben | ||
| 082 |
_223 _a500 _bHOT 1968 |
||
| 100 |
_aহোসেন, আশরাফুল _9197146 |
||
| 245 | 1 | 0 |
_aতরুণদের বিজ্ঞান পাঠ / _cআশরাফুল হোসেন |
| 260 |
_aঢাকা : _bফেভারিটস বুকস, _c১৯৬৮ |
||
| 300 |
_a৩৭১ পৃ. : _bচিত্র ; _c১৯ সে. মি. |
||
| 650 |
_aবিজ্ঞান _9197147 |
||
| 650 |
_aScience _9197148 |
||
| 942 |
_2ddc _cBK |
||
| 999 |
_c66597 _d66597 |
||